[Event "Collegiate Champions Open RUS-USA"]
[Site "Online"]
[Date "2021.01.08"]
[Round "2.5"]
[White "Dragun, Kamil"]
[Black "Drygalov, Andrey"]
[Result "1/2-1/2"]
[WhiteElo "2569"]
[BlackElo "2493"]
[Annotator "TA"]
[PlyCount "71"]
[EventDate "2021.01.08"]
[EventType "team-tourn"]
[EventCountry "NET"]
[SourceTitle "playchess.com"]
[Source "ChessBase"]
[SourceQuality "1"]

{[%evp 15,71,9,0,8,18,0,0,-58,-52,-58,0,-50,10,-70,0,0,0,0,0,0,0,0,0,0,0,10,10,10,7,0,0,-4,-6,-55,-58,-133,-143,-141,-128,-145,-133,-135,-134,-138,-138,-137,-138,-130,-132,-144,-125,-131,0,-133,-122,-133,0,0]} 1. d4 Nf6 2. c4 e6 3. Nc3 Bb4 4. Qc2 d5 5. a3 Bxc3+ 6. Qxc3 O-O 7. Nf3 dxc4 8. Qxc4 b6 9. Bg5 {E36: Nimzo-Indian: Classical: 4...d5 5 a3.} Bb7 10. Rc1 h6 11. Qxc7 (11. Bf4 $11) 11... Qxc7 $15 12. Rxc7 hxg5 13. Rxb7 Nc6 {[#]} (13... Rc8 $15 14. e3 (14. Nxg5 Nc6 $15) 14... Ne4) 14. Ne5 $146 (14. Rc7 $1 $11 Rac8 15. Rxc8 Rxc8 16. e3) ({Predecessor:} 14. Rc7 Rac8 15. Rxc8 Rxc8 16. e3 g4 17. Nd2 e5 18. Ba6 Rc7 19. dxe5 Nxe5 20. Kd1 {0-1 (52) Goudriaan,E (2239)-Law,N (2151) Haarlem 2010}) 14... Na5 (14... Rfc8 $1 $15 15. Nxc6 (15. Nxf7 $2 Na5 $19) 15... Rxc6) 15. Rc7 $11 Rac8 16. Rxc8 Rxc8 17. Nd3 Nb3 18. e3 Rc2 19. Be2 Nc1 {[#] aiming for ...Nxd3+.} 20. Kd1 Rxe2 21. Kxc1 {[%mdl 4096] Endgame And now Kd1 would win. KRN-KRN} Ne4 22. Rf1 f6 23. h3 Kf8 24. g4 Ke7 25. Rh1 ({White should try} 25. Re1 $15 Rxe1+ 26. Nxe1) 25... Nxf2 $17 26. Nxf2 Rxf2 {KR-KR} 27. h4 gxh4 28. Rxh4 Re2 29. Rh3 a5 30. a4 Rg2 31. Rh8 Kd7 (31... Rxg4 32. Rb8 $15) 32. Rb8 Kc7 (32... Rxg4 $6 33. Rxb6 Rg3 34. Kd2 $11) 33. Re8 Kd7 ({Of course not} 33... Rxg4 $6 34. Rxe6 Rg2 35. b3 $11) 34. Rb8 Kc6 ({Much weaker is} 34... Rxg4 $6 35. Rxb6 Rg3 36. Kd2 $11) 35. Re8 Kd7 ({Don't play} 35... Rxg4 $6 36. Rxe6+ Kd5 37. Rxb6 $11) (35... Kd5 $17 36. b3 Re2 37. Rd8+ Kc6 38. Rc8+ Kd7) 36. Rb8 {Weighted Error Value: White=0.17/Black=0.16} 1/2-1/2

[Event "Collegiate Champions Open RUS-USA"]
[Site "Online"]
[Date "2021.01.08"]
[Round "2.6"]
[White "Drygalov, Sergey"]
[Black "Belous, Vladimir"]
[Result "0-1"]
[WhiteElo "2490"]
[BlackElo "2524"]
[Annotator "TA"]
[PlyCount "126"]
[EventDate "2021.01.08"]
[EventType "team-tourn"]
[EventCountry "NET"]
[SourceTitle "playchess.com"]
[Source "ChessBase"]
[SourceQuality "1"]

{[%evp 12,126,38,34,31,12,20,24,13,14,41,45,37,48,50,41,83,41,26,31,40,0,16,-1,2,-44,-18,-90,-98,-133,-123,-156,-68,-112,-94,-91,-84,-100,-31,-45,0,0,0,0,0,0,9,7,14,8,14,0,0,0,0,0,0,0,0,0,22,14,16,0,0,0,0,-49,-61,-77,-70,-191,-184,-182,-162,-181,-8,-8,-8,-8,-8,-8,-8,-8,-8,-8,0,0,0,0,0,-8,0,-5981,-4647,-3347,-2612,-29960,-1043,-771,-663,-29966,-29966,-29979,-29981,-29981,-29979,-29979,-29980,-29980,-29981,-29981,-29982,-29982,-29982,-29983,-29983]} 1. e4 c5 2. Nf3 Nc6 3. Bb5 d6 4. O-O Bd7 5. Re1 g6 6. c3 a6 7. Bf1 Bg7 {7...Bg7 has become a bit dusty these days. B51: Sicilian: Moscow Variation (3 Bb5+) without 3...Bd7.} 8. h3 e5 9. Na3 Nge7 {White has an edge.} 10. Nc2 {[#]} f5 $146 ({Predecessor:} 10... O-O 11. d4 cxd4 12. cxd4 Nxd4 13. Ncxd4 exd4 14. Nxd4 Nc6 15. Nf3 Be6 16. Ng5 Bc8 {½-½ (27) Andriasian,Z (2594)-Petrosian,T (2625) Yerevan 2016}) 11. exf5 gxf5 12. d4 cxd4 13. cxd4 e4 {[#]} 14. d5 $1 Ne5 15. Nxe5 Bxe5 16. Bg5 O-O 17. Ne3 b5 18. Rb1 Kh8 19. Nc2 (19. a4 $11) 19... Rg8 $17 20. Qh5 Qf8 21. Nb4 Be8 (21... a5 $17 22. Bxe7 Qxe7) 22. Bxe7 Bxh5 (22... Qxe7 {is interesting.} 23. Qh6 Qf6 24. Qxf6+ Bxf6 25. Nc6 Bg6) 23. Bxf8 Raxf8 24. Nc6 Bf4 ({Better is} 24... Bf6 $17 25. b3 Bc3) 25. Be2 $15 Bf7 26. Ne7 Rg7 27. Nxf5 Rg5 28. Ne3 Rfg8 29. Bf1 Bxe3 30. fxe3 Bxd5 31. b3 Be6 32. Kh2 Rc8 33. Rbd1 Rc6 34. Rd4 d5 35. a4 Rc5 36. axb5 axb5 37. b4 Rc2 38. Re2 Rc3 39. Ra2 Rxe3 40. Bxb5 Kg7 41. Ra6 {[#]} (41. Ba4 $15) 41... Kf6 $1 $19 42. Rd2 Ke5 43. Bc6 Rb3 $2 ({Black should play} 43... Rg8 $19 44. Ra5 Rd8) 44. Bxd5 $1 $11 Bxd5 45. Rxd5+ Kxd5 46. Ra5+ Kd4 {( -> ...Rxa5)} 47. Rxg5 {[%mdl 4096] Endgame KR-KR} e3 {aiming for ...e2.} 48. Kg3 Kd3 ({But not} 48... Rxb4 $2 49. Rg4+ Kc3 50. Rxb4 $18) 49. Kf3 Kd2 ({Reject} 49... Rxb4 $6 50. Rd5+ Kc4 51. Re5 $16) (49... e2 $5 50. Re5 $8 Kd4+ 51. Kf4 Kd3 $11) 50. Re5 $1 Rd3 {Strongly threatening ...Rd7.} 51. b5 Rd8 {White must now prevent ...Rf8+.} 52. h4 $2 {[%mdl 8192]} (52. Rxe3 Rf8+ 53. Kg4 Kxe3 $19) (52. g4 $11) 52... Rf8+ $19 53. Kg4 e2 54. Kg5 Rb8 (54... Rf1 $142 55. Kh6 e1=Q 56. Rxe1 Rxe1 57. Kxh7 Ke3 58. g4 Kf4 59. g5 Re7+ 60. Kh6 Kf5 61. g6 Kf6 62. b6 Rg7 63. Kh5 Kf5 64. b7 Rxb7 65. Kh6 Kf6 66. Kh5 Kf5 67. Kh6 Kf6 68. Kh5 Kf5) 55. Kh6 {[#]} Rxb5 $3 {[%mdl 512]} 56. Re7 (56. Rxb5 e1=Q) 56... Rb3 {Black mates.} 57. Rxe2+ Kxe2 58. Kxh7 {KR-KPP} Rg3 59. h5 Ke3 60. h6 Kf4 61. Kh8 Kf5 62. h7 Kg6 63. Kg8 Kh6+ {Weighted Error Value: White=0.38/Black=0.21} 0-1

[Event "Collegiate Champions Open RUS-USA"]
[Site "Online"]
[Date "2021.01.08"]
[Round "3.1"]
[White "Predke, Alexandr"]
[Black "Fedoseev, Vladimir"]
[Result "0-1"]
[WhiteElo "2690"]
[BlackElo "2687"]
[Annotator "TA"]
[PlyCount "158"]
[EventDate "2021.01.08"]
[EventType "team-tourn"]
[EventCountry "NET"]
[SourceTitle "playchess.com"]
[Source "ChessBase"]
[SourceQuality "1"]

{[%evp 9,158,15,23,16,16,16,21,2,47,26,27,31,47,46,36,38,47,35,64,68,50,43,46,14,22,0,0,-43,17,-100,-91,-140,-43,-41,-53,-151,-67,-101,-100,-117,-124,-149,-135,-138,-138,-145,-69,-152,-151,-158,-153,-162,-106,-162,-162,-161,-111,-145,-71,-130,-120,-106,-112,-93,-103,-143,-45,-36,-47,-48,-38,-79,-72,-78,-20,-42,-46,-36,-28,-178,0,0,298,305,289,0,0,0,0,0,0,0,0,0,0,0,0,-120,-122,-166,-173,-181,-58,-188,-177,-181,-166,-168,-77,-71,0,0,0,0,0,0,0,0,0,0,0,0,0,-214,-218,-198,-186,-455,-470,-547,-515,-12122,-12122,-6125,-5304,-1752,-901,-858,-701,-29979,-29980,-29980,-29980,-29984,-29983,-29984,-29985,-29985,-29986,-29986,-29987]} 1. d4 Nf6 2. Nf3 g6 3. Nbd2 d5 4. b3 Bf5 5. Bb2 Nbd7 6. e3 {[#] D02: 1 d4 d5 2 Nf3 sidelines, including 2...Nf6 3 g3 and 2...Nf6 3 Bf4.} e6 $146 ({Predecessor:} 6... c6 7. c4 e6 8. Be2 Bd6 9. O-O h5 10. a3 h4 11. Ne5 Qc7 12. Ndf3 Ng4 13. Nxg4 Bxg4 {0-1 (39) Ushenina,A (2416)-Vaishali,R (2393) chess.com INT 2020}) 7. Be2 h5 8. h3 {The position is equal.} h4 9. a3 c6 10. c4 a5 11. O-O Be7 12. Re1 Qb8 13. Ne5 (13. c5 {is more complex.} b5 14. cxb6 Qxb6 15. Qc1 Ne4 16. Nxe4 Bxe4 17. Nd2) 13... Ne4 14. Nxd7 Kxd7 15. cxd5 (15. Bf1 {keeps more tension.} Nxd2 16. Qxd2 Ke8 17. Be2 Kf8 18. b4) 15... exd5 16. Nxe4 (16. Bf3 {is interesting.} Nxd2 17. Qxd2 Bd6 18. Bc3 Qd8 19. b4) 16... Bxe4 17. f3 (17. Qd2 {feels hotter.} g5 18. Rad1 Bd6 19. f3 Bg6 20. e4) 17... Bf5 18. f4 (18. e4 $5 {[%cal Re4f5]} Bxh3 19. gxh3 Qg3+ {[%mdl 64] Double Attack} 20. Kh1 $11) 18... Be6 (18... Bd6 $15) 19. e4 (19. Bd3 $11) 19... Qxf4 $17 ({Reject} 19... dxe4 $6 20. d5 $11) 20. Bf3 Qd6 (20... Qg3 $1 $17 21. exd5 cxd5) 21. exd5 cxd5 22. Bg4 (22. a4 $15) 22... Bxg4 ({Better is} 22... Qg3 $1 $17 {aiming for ...Bd6.} 23. Bxe6+ fxe6) 23. Qxg4+ f5 $1 {[%cal Rf5g4]} 24. Qf3 Bf6 $1 25. Rad1 Rhe8 $1 26. Re5 Bxe5 27. dxe5 Qc5+ (27... Qb6+ $17 28. Kh2 Rad8) 28. Bd4 (28. Kh2 $15 Ke6 29. Qf4) 28... Qc6 ({Not} 28... Qxa3 $2 29. Qxd5+ Kc7 30. Bc5 $18) 29. Qf2 Rac8 30. Qxh4 Qe6 (30... Qc2 $19 31. Re1 Rc6 32. Qh7+ Re7) 31. Qe1 (31. b4 $17) 31... b6 $19 32. Qe2 Rc6 33. Qb5 Ke7 (33... Kc7 $142 $1 34. Qa6 Kb8) 34. Bf2 ({White should play} 34. Be3) 34... Kf7 35. Rxd5 Re7 $1 36. Qd3 {[#]} Rc3 $1 37. Qd4 (37. Qd2 Rc2) 37... Rc5 ({But not} 37... Rxb3 $6 38. Bh4 $11) (37... Rc1+ $1 $17 38. Kh2 Rc5 39. Rxc5 bxc5) 38. Rxc5 $15 bxc5 39. Qxc5 Qxe5 {[%mdl 4096] Endgame KQR-KQB} 40. Qc4+ Re6 41. b4 a4 (41... g5 $17) 42. b5 Qa1+ {[%mdl 64] Double Attack} 43. Kh2 Qxa3 44. b6 (44. Qc7+ $1 $11 Qe7 45. Qc4) 44... Qb3 $2 (44... Qd6+ $1 $19 45. Kg1 Qc6) 45. Qh4 $11 Ke8 $2 {[%mdl 8192]} (45... Rxb6 $11 46. Bxb6 Qxb6 47. Qxa4 Kf6) 46. Qh8+ $18 Kd7 47. Qg7+ $2 (47. Qb8 $1 $18 {[%cal Rb8c7]} Re8 48. Qc7+ Ke6 49. Qc6+ Kf7 50. Bc5) 47... Re7 $11 48. Qd4+ Ke6 49. Bh4 Rf7 50. Qd8 Qb5 (50... f4 {looks sharper.} 51. Qc8+ Kd5 52. Qa8+ Ke5 53. Qe8+ Kd4) 51. Qg8 Qd7 (51... Qe5+ {with more complications.} 52. Bg3 f4 53. Qxg6+ Qf6 54. Qe4+ Qe5) 52. Qxg6+ Kd5 {...Qd6+ is the strong threat.} 53. Qh5 (53. Qg8 $11) 53... Kc6 $1 $17 54. Qf3+ Qd5 $1 {[%cal Rd5f3]} 55. Qc3+ Kxb6 (55... Kb7 $1 $19 56. Bg3 Re7) 56. Qb4+ (56. Bf2+ $15 Kb5 57. Qb2+ Qb3 58. Qe5+ Ka6 59. Qc5 Qb8+ 60. Bg3) 56... Qb5 $19 57. Qd6+ Kb7 58. Bg3 Rd7 (58... Qc6 $1 $19 {[%cal Rc6d6] has better winning chances. And now ...Qxd6 would win.} 59. Qf4 Rd7 60. Qb8+ Ka6) 59. Qb8+ $17 {[#]} Ka6 (59... Kc6 $1 $17 {Strongly threatening ...Qxb8.} 60. Qc8+ Kd5) 60. Qc8+ $11 Rb7 (60... Ka5 {keeps more tension.} 61. Be1+ Kb6 62. Bf2+ Ka5 63. Be1+) 61. Qa8+ Kb6 62. Qd8+ $1 Kc5 63. Qd6+ Kc4 64. Qf4+ Kb3 {Hoping for ...Qd3.} 65. Qe3+ Ka2 {White must now prevent ...Qd5.} 66. Qd2+ $2 (66. Qe6+ $1 $11 {and White is okay.} Qb3 67. Qe2+ Kb1 68. Qf1+ Kc2 69. Qf2+ Kc1 70. Bf4+ Kb1 71. Qf1+ Ka2 72. Qe2+ Qb2 73. Qc4+ {[%mdl 64] Double Attack} Qb3 74. Qe2+ Qb2 75. Qc4+ {[%mdl 64] Double Attack} Qb3 76. Qe2+) 66... Qb2 $19 67. Qd5+ {[#]} Rb3 $1 {Threatens to win with ...Qc3.} 68. Be5 $2 (68. Qxf5 {was necessary.} Qe2 69. Bd6) 68... Qc2 69. Qa5 Rd3 70. h4 (70. Qb6 $142 Rd5 71. Bg7) 70... Rd2 71. Qa8 Qe4 72. Qg8+ Qd5 73. Qg3 a3 74. h5 f4 {Black mates.} 75. Bxf4 Qxh5+ 76. Qh3 Rd5 77. Bc1 Qe5+ 78. Qg3 Qh8+ 79. Kg1 Rd1+ {[%mdl 64] Double Attack. A wild game.  Weighted Error Value: White=0.30/Black=0.33} 0-1

[Event "Collegiate Champions Open RUS-USA"]
[Site "Online"]
[Date "2021.01.08"]
[Round "3.2"]
[White "Sjugirov, Sanan"]
[Black "Sarana, Alexey"]
[Result "1-0"]
[WhiteElo "2663"]
[BlackElo "2649"]
[Annotator "TA"]
[PlyCount "91"]
[EventDate "2021.01.08"]
[EventType "team-tourn"]
[EventCountry "NET"]
[SourceTitle "playchess.com"]
[Source "ChessBase"]
[SourceQuality "1"]

{[%evp 13,91,-4,0,0,6,15,6,-31,-8,-13,-14,-12,-11,-9,-14,-22,0,-28,0,0,0,0,0,0,51,40,50,51,45,48,124,88,106,96,108,114,105,106,172,175,170,106,136,134,125,130,153,155,371,123,104,79,79,76,159,158,163,122,175,127,123,132,134,108,356,342,444,444,423,429,691,658,979,950,1170,816,2093,1595,29987,29988]} 1. e4 c5 2. Nc3 d6 3. f4 Nc6 4. Nf3 Nf6 5. Bb5 Bd7 6. O-O e6 7. d3 Be7 8. e5 {[#] B23: Closed Sicilian: Lines without g3.} Ng4 $146 ({Predecessor:} 8... dxe5 9. fxe5 Nd5 10. Ne4 h6 11. c4 Nc7 12. Bxc6 Bxc6 13. Qe2 Qd7 14. b3 O-O-O 15. Rd1 f5 16. exf6 gxf6 {½-½ (49) Dimitrov,R (2493)-Saravanan,V (2326) Cappelle-la-Grande 2018}) 9. h3 {[#] And now exd6 would win.} Nh6 10. Ne4 {The position is equal.} dxe5 11. Bxc6 Bxc6 12. Nxe5 Rc8 13. Be3 $36 {[%mdl 2048] Black is under pressure.} Nf5 14. Bf2 (14. Bxc5 $2 Bxc5+ 15. Nxc5 Qd4+ 16. Rf2 Qxc5 $19) 14... Bd5 15. Re1 (15. c4 $5 {[%cal Rc4d5]} Bc6 16. Nxc5 $11 (16. Bxc5 $2 Bxc5+ 17. Nxc5 Qd4+ {[%mdl 64] Double Attack} 18. Rf2 Qxc5 $19)) 15... O-O 16. c4 Bc6 17. Nxc5 Bxg2 18. Ncd7 Bc6 ({Better is} 18... Bh4 $11 19. Qe2 (19. Kxg2 Bxf2 20. Kxf2 Qh4+ {[%mdl 64] Double Attack} 21. Ke2 Rfd8 $15) 19... Bxh3) 19. Nxf8 $14 Bxf8 20. d4 (20. Bxa7 b6 $17) 20... Be8 21. d5 Qf6 (21... f6 $14) 22. Qh5 (22. Bxa7 $6 exd5 23. Bf2 (23. cxd5 b6 $11) 23... dxc4 $14) 22... exd5 23. Ng4 ({And not} 23. Bxa7 b6 $17) 23... Qg6 24. Qxg6 hxg6 25. cxd5 f6 (25... Bd6 $16 {might work better.}) 26. Rac1 $18 ({Much less strong is} 26. Bxa7 $6 Bd6 $16) 26... Ra8 27. Ne3 (27. Bc5 $18) 27... Nxe3 28. Rxe3 Bd6 29. Re4 {Hoping for Bc5.} Bd7 30. Kg2 Kf7 $2 (30... b6 $16 {was called for.} 31. h4 Kf7) 31. Rc3 $2 (31. Bc5 $18 Bf5 32. Rb4) 31... b6 $16 32. Bg3 Rh8 {[#]} 33. h4 $1 Rd8 (33... Rh5 $142) 34. a3 Bf5 35. Re2 Rd7 (35... Bb8 $16) 36. b4 Be7 37. Rd2 Be4+ 38. Kf2 Bxd5 $2 (38... f5 $16 {keeps fighting.}) 39. h5 $18 gxh5 40. Rcd3 h4 41. Bh2 ({Weaker is} 41. Rxd5 hxg3+ 42. Kxg3 Rxd5 $18) 41... Rc7 (41... Ke6 $142 42. f5+ {[%mdl 64] Deflection, Decoy} Kxf5 43. Rxd5+ Rxd5 44. Rxd5+ Ke6) 42. Rxd5 Ke8 43. f5 Rc3 44. R5d3 Rc1 45. Re2 Kf8 46. Rd7 {Weighted Error Value: White=0.19/Black=0.58} 1-0

[Event "Collegiate Champions Open RUS-USA"]
[Site "Online"]
[Date "2021.01.08"]
[Round "3.3"]
[White "Paravyan, David"]
[Black "Bartel, Mateusz"]
[Result "0-1"]
[WhiteElo "2647"]
[BlackElo "2638"]
[Annotator "TA"]
[PlyCount "200"]
[EventDate "2021.01.08"]
[EventType "team-tourn"]
[EventCountry "NET"]
[SourceTitle "playchess.com"]
[Source "ChessBase"]
[SourceQuality "1"]

{[%evp 11,200,33,49,0,10,0,22,18,12,16,25,14,16,9,10,12,15,9,25,14,41,13,12,17,6,3,18,-81,-83,-66,-64,-97,-100,-119,-137,-147,-81,-68,-14,-11,-25,-23,-2,-77,-19,-74,-78,-83,-47,-66,-55,-46,0,-37,21,21,20,20,20,20,20,20,20,20,20,0,20,20,20,20,21,18,28,17,26,23,20,0,0,0,0,0,0,0,0,0,0,0,0,0,0,0,0,0,0,0,0,0,0,0,0,-14,0,0,0,0,0,0,0,-29,0,0,0,0,160,-12838,-12839,-12839,-12839,-12839,-12839,-12839,-12840,-12841,-12841,-12841,-12841,-12843,-12844,-12845,-12844,-12845,-12844,-12845,-12845,-12845,-12846,-12846,-12845,-12848,-12841,-12842,-12842,-12843,-12843,-12843,-12842,-12843,-12843,-12843,-12844,-12845,-12842,-12842,-12843,-12844,-12845,-12846,-12843,-12845,-12844,-12848,-12844,-12844,-12844,-12845,-12845,-12846,-12846,-12847,-12844,-12845,-12845,-12845,-12846,-12847,-12845,-12846,-12846,-12847,-12847,-12848,-12847,-12848,-12847,-12848,-12847,-12847,-12847,-12848,-12848]} 1. d4 g6 2. e4 Bg7 3. Nf3 d6 4. Be3 Nf6 5. Nc3 O-O 6. Qd2 Bg4 7. Bh6 {B08: Pirc Defence: Classical System.} Bxf3 8. gxf3 e5 9. Bxg7 {The position is equal.} Kxg7 10. O-O-O {Black must now prevent dxe5.} Nc6 11. d5 Nd4 12. f4 $1 Nh5 13. fxe5 dxe5 {[#]} 14. h4 $146 ({Predecessor:} 14. Qe3 Qf6 15. Nb1 c6 16. c3 Nb5 17. dxc6 bxc6 18. Bxb5 cxb5 19. Rd7 Qc6 20. Rd5 {1-0 (49) Drakulic,A-Schmidt,W (2078) Germany 2010}) 14... h6 15. Qe3 Qf6 16. Nb1 a6 17. Nd2 c6 18. c3 Nb5 19. Nb3 {[#]} (19. dxc6 $11 bxc6 20. Be2) 19... cxd5 $1 $17 20. exd5 Nd6 $1 21. Kb1 {[#]} Rac8 $1 22. Bd3 Nf4 23. h5 g5 (23... Nxh5 $142 24. Nc5 Rfd8) 24. Bc2 Rfe8 (24... Rfd8 $15) 25. Nd2 $11 Nxd5 26. Qd3 Nf4 27. Qh7+ Kf8 28. Ne4 (28. Nf1 $1 $11 {keeps the balance.}) 28... Nxe4 $17 29. Bxe4 Rc7 30. Rhe1 Ke7 31. Bd5 Kf8 32. Bb3 Nxh5 {[#]} (32... e4 $15) 33. Rd6 $1 $11 {[%cal Rd6f6]} Qxd6 34. Qh8+ Ke7 35. Rxe5+ Qxe5 36. Qxe5+ Kd8 37. Qd6+ Kc8 38. a4 (38. Qxh6 {feels hotter.} Nf4 39. a4 Ne6 40. Qf6 Kb8 41. Qe5) 38... Nf4 39. Qxh6 Ne6 40. Qf6 Kb8 41. Bd5 Nf4 42. Bf3 ({Don't go for} 42. Bxf7 $2 Rf8 $19) 42... Re1+ 43. Ka2 Ne6 44. Bh5 Re4 45. Bxf7 Rxa4+ 46. Kb1 Rf4 47. Qh8+ Rc8 48. Qe5+ Nc7 49. Bh5 Rxf2 50. Qxg5 Rcf8 51. Ka2 R2f5 52. Qh6 Ra5+ 53. Kb3 Rb5+ 54. Ka3 Rd8 (54... Rbf5 {is more complex.} 55. Ka2) 55. b4 a5 56. Be2 axb4+ 57. cxb4 Re5 58. Bc4 Re4 59. Kb3 Rg4 60. b5 {Threatening b6.} Rg3+ (60... Rgd4 {seems wilder.} 61. Kc3 Rd1 62. Kb3 R8d6 63. Qh8+ Ka7) 61. Kb4 {b6 is the strong threat.} Rg4 62. b6 {And now Qh2! would win.} Ne8 $2 (62... Nd5+ $11 63. Kb3 Rg3+ 64. Kb2 Rg2+ 65. Ka3 Rg3+ 66. Bb3 Rd3) 63. Qh2+ $2 (63. Qe6 $16 Rgd4 64. Qe5+ R4d6 65. Qa5) 63... Nd6 $19 {Black is clearly winning.} 64. Qa2 Rxc4+ 65. Kb3 Rc6 66. Qa7+ Kc8 67. Qa8+ Kd7 68. Qa4 Rg8 69. Qd4 Rg5 70. Qe3 {[#]} Rxb6+ $3 71. Kc2 {[#]} Rc5+ $3 72. Kd1 Rb1+ 73. Ke2 Rb2+ 74. Kf3 Rbc2 75. Qh6 R2c3+ 76. Ke2 b5 77. Qg7+ Kc6 78. Qh8 Kb7 79. Qg7+ Rc7 80. Qe5 R3c6 81. Kd3 Rb6 82. Qd5+ Rcc6 83. Kd4 b4 {[%cal Bb5b4,Bb4b3][%mdl 32]} 84. Qb3 Nb5+ 85. Kd5 Nc7+ 86. Kd4 Rc3 87. Qb1 Rd6+ 88. Ke4 b3 89. Qb2 Nb5 90. Ke5 Re3+ 91. Kf4 Red3 92. Qg2+ Kb6 93. Qg7 Ka5 94. Qa1+ Kb4 95. Qe1+ Nc3 96. Qh1 b2 97. Qb7+ Ka3 98. Qa7+ Kb3 99. Qb7+ Kc2 {( -> ...R6d5)} 100. Qg2+ Rd2 {Weighted Error Value: White=0.11/Black=0.11} 0-1

[Event "Collegiate Champions Open RUS-USA"]
[Site "Online"]
[Date "2021.01.08"]
[Round "3.4"]
[White "Khairullin, Ildar"]
[Black "Chigaev, Maksim"]
[Result "1/2-1/2"]
[WhiteElo "2615"]
[BlackElo "2631"]
[Annotator "TA"]
[PlyCount "37"]
[EventDate "2021.01.08"]
[EventType "team-tourn"]
[EventCountry "NET"]
[SourceTitle "playchess.com"]
[Source "ChessBase"]
[SourceQuality "1"]

{[%evp 9,37,0,10,-38,-34,-47,-37,-50,-33,-63,-63,-54,0,0,0,0,0,0,0,0,0,0,38,0,0,0,18,0,33,0]} 1. e4 e5 2. Nf3 Nc6 3. Bc4 Bc5 4. c3 Nf6 5. d4 exd4 6. b4 {C54: Giuoco Piano: 4 c3 Nf6, main lines with 5 d4 and 5 d3.} Bb6 7. e5 {[#]} d5 $1 {And now ...Ne4 would win.} 8. exf6 {Black is slightly better.} dxc4 9. Qe2+ Be6 $1 (9... Kf8 $6 10. b5 $11) 10. b5 $1 {[#]} d3 $1 11. Qe4 $1 $11 Nb4 $1 {[%cal Rb4c2]} 12. O-O $1 {[#]} Qd5 $146 ({Predecessor:} 12... Nc2 13. fxg7 Rg8 14. Bg5 Qd5 15. Qxh7 Kd7 16. Nbd2 Bf5 17. Qh5 Rae8 18. Bf6 Be4 {1-0 (46) Windhausen,G (2304)-Mirbach,T (2056) GER email 2011}) 13. fxg7 Rg8 14. Qxh7 O-O-O {Threatens to win with ...Bf5.} 15. Bg5 ({But not} 15. cxb4 Bd4 $19) 15... Bf5 16. Qh5 Be6 $1 17. Qh7 ({Much weaker is} 17. cxb4 Rxg7 18. Nc3 Qf5 $15) 17... Bf5 18. Qh5 Be6 $1 19. Qh7 {Weighted Error Value: White=0.08/Black=0.07} ({Much worse is} 19. cxb4 Rxg7 20. Nc3 Qf5 $15) 1/2-1/2

[Event "Collegiate Champions Open RUS-USA"]
[Site "Online"]
[Date "2021.01.08"]
[Round "3.5"]
[White "Drygalov, Andrey"]
[Black "Dragun, Kamil"]
[Result "0-1"]
[WhiteElo "2493"]
[BlackElo "2569"]
[Annotator "TA"]
[PlyCount "34"]
[EventDate "2021.01.08"]
[EventType "team-tourn"]
[EventCountry "NET"]
[SourceTitle "playchess.com"]
[Source "ChessBase"]
[SourceQuality "1"]

{[%evp 11,34,15,34,0,13,0,7,6,8,7,7,4,6,0,9,0,16,-108,-113,-928,-918,-29984,-29985,-29997,-29998]} 1. e4 c6 2. d4 d5 3. exd5 cxd5 4. Bd3 Nc6 5. c3 g6 6. Bf4 Bf5 7. Be2 {B13: Caro-Kann: Exchange Variation and Panov-Botvinnik Attack.} e6 8. Nf3 Bd6 9. Bxd6 {The position is equal.} Qxd6 10. O-O {[#]} Nf6 $5 $146 {[%mdl 8] An interesting novelty.} ({Predecessor:} 10... Nge7 11. Nbd2 O-O-O 12. b4 f6 13. b5 Nb8 14. c4 Nd7 15. Rc1 Kb8 16. c5 Qc7 {1-0 (44) Amanov,Z (2338)-Jobava,B (2603) Chess.com INT 2020}) 11. Na3 h5 12. Nc2 Ng4 13. h3 Be4 {Threatens to win with ...Bxf3.} 14. g3 {[#]} ({Inferior is} 14. hxg4 hxg4 15. g3 Rh3 $17) (14. Nce1 $11) 14... h4 $1 $40 {[%cal Rh4g3][%mdl 128] Black is out for blood.} 15. hxg4 $4 {[%mdl 8192]} (15. Nd2 $17 Nxf2 {[%mdl 64] Decoy} 16. Rxf2 Qxg3+ 17. Kf1 Qxh3+ 18. Ke1) 15... hxg3 $19 {( -> ...Bxf3)} 16. Ne3 g2 17. Nxg2 Bxf3 {[%csl Gh8][%cal Rd6h2] Weighted Error Value: White=1.07/Black=0.06} 0-1